00282nam a2200073 4500008004100000245006500041260008600106300001600192240305b |||||||| |||| 00| 0 eng d aWorld Of Career And CompetitioncEditied by Alok Kumar Gupta a12-H, New Daryaganj road, new delhibRamesh publishing housec28th december, 2023 ano. 1c24cm